Orchestral works by Carpenter, Hadley, Mason, Porter.

Bibliographic Details
Corporate Authors: Recorded Anthology of American Music, Inc, Albany Symphony Orchestra (Performer), New World Records
Other Authors: Hegyi, Julius (Conductor), Mason, Daniel Gregory, 1873-1953, Porter, Quincy, 1897-1966, Carpenter, John Alden, 1876-1951, Hadley, Henry, 1871-1937
Format: CD Audio
Published: New York : New World Records, [1984]
Subjects:

MARC

Tag First Indicator Second Indicator Subfields
LEADER 00000cjm a2200000 a 4500
001 in00001262321
005 20151004051123.0
007 sd fjngnn|||e|
008 880316p19841983nyumun hi N/A d
028 0 2 |a NW 321-2  |b New World Records 
028 0 2 |a DIDX 001747  |b New World Records 
033 0 |a 19831211  |b 3804  |c T7 
035 |a (OCoLC)17633597 
035 |9 AGW5172AM 
040 |a RES  |c RES  |d TXA  |d UtOrBLW 
041 0 |g eng 
043 |a n-us--- 
045 1 |b d1926  |b d1937  |b d1933  |b d1934 
047 |a ov  |a df  |a sp 
048 |a oa 
049 |a TXAV 
090 |a M1000  |b .O7 1984 
245 0 0 |a Orchestral works by Carpenter, Hadley, Mason, Porter. 
264 1 |a New York :  |b New World Records,  |c [1984] 
264 4 |c ℗1984 
300 |a 1 sound disc :  |b digital, stereo. ;  |c 4 3/4 in. 
306 |a 001258  |a 000918  |a 001524  |a 000717 
336 |a performed music  |b prm  |2 rdacontent 
337 |a audio  |b s  |2 rdamedia 
338 |a audio disc  |b sd  |2 rdacarrier 
500 |a Compact disc. 
500 |a The 3rd work is a symphonic poem. 
511 0 |a Albany Symphony Orchestra ; Julius Hegyi, conductor. 
518 |a "Recorded in the Troy Savings Bank Music Hall, Troy, New York, December 11, 1983"--Container. 
500 |a Durations: 12:58 ; 9:18 ; 15:24 ; 7:17. 
500 |a Program notes by Nicholas Tawa inserted in container. 
505 0 |a Chanticleer festival overture / Daniel Gregory Mason -- Dance in three-time / Quincy Porter -- Sea drift / John Alden Carpenter -- Scherzo diabolique / Henry Hadley. 
500 |a Title from the container spine. 
500 |a Sound recording. 
650 0 |a Overtures. 
650 0 |a Symphonic poems. 
650 0 |a Orchestral music. 
700 1 |a Hegyi, Julius,  |e conductor. 
700 1 |a Mason, Daniel Gregory,  |d 1873-1953.  |t Chanticleer festival overture.  |f 1984. 
700 1 2 |a Porter, Quincy,  |d 1897-1966.  |t Dance in three-time.  |f 1984. 
700 1 2 |a Carpenter, John Alden,  |d 1876-1951.  |t Sea drift.  |f 1984. 
700 1 2 |a Hadley, Henry,  |d 1871-1937.  |t Scherzo diabolique.  |f 1984. 
710 2 |a Recorded Anthology of American Music, Inc. 
710 2 |a Albany Symphony Orchestra,  |e performer. 
710 2 |a New World Records. 
740 0 |a Chanticleer festival overture. 
740 0 2 |a Dance in three-time. 
740 0 2 |a Sea drift. 
740 0 2 |a Scherzo diabolique. 
999 |a MARS 
999 f f |s c6d39f5b-3c1e-3011-8431-03dcadda9c02  |i 57153212-c4eb-3c2f-9d95-745f7ddfa693  |t 0 
952 f f |p ric  |a Texas A&M University  |b Rellis Campus  |c Joint Library Facility  |d Remote Storage  |t 0  |e M1000 .O7 1984  |h Library of Congress classification  |i audio -- audio disc  |m A14819328836 
998 f f |a M1000 .O7 1984  |t 0  |l Remote Storage